Brawl Stars: Emz Skins by Picture - Statistics

General Stats
  • This quiz has been taken 63 times
    44 since last reset
  • The average score is 6 of 10
Answer Stats
Picture Answer % Correct
Demon Emz
95%
DJ 3.M.Z
86%
Medusa Emz
76%
Mean Girl Emz
70%
True Gold Emz
62%
True Silver Emz
62%
Harajuku Emz
49%
Ruby Medusa Emz
46%
Super Fan Emz
43%
Sapphire Medusa Emz
41%
No matching quizzes found
Score Distribution
Percent of People with Each Score
Percentile by Number Answered
Your Score History
You have not taken this quiz since the last reset